00597nam a22002057a 450000500170000001000130001702000260003003500130005603700160006904000120008508200150009710000220011224500640013426000420019827000610024030000200030150000200032165000220034165000280036320170124110213.0 aB-079262 c500.00a9788120725423 aB-079262 bCen Lib/Ret aDPLbEN a958.1bMUK aMukarji, Apratim  aAfghanistan :cby Apratim Mukarjibfrom terror to freedom / aNew DelhibSterling publishers c2003 bNew DelhiaA-59, Okhla industrial area, Phase lle110020 a321p.c22cm(Hb) aIncludes index  aPolitical science aPolitics and government